Banner

Manual de procedimiento administrativo : (Record no. 1428)

MARC details
000 -LEADER
campo de control de longitud fija 01489nam a2200241Ia 4500
003 - IDENTIFICADOR DE NÚMERO DE CONTROL
campo de control CoMeUDC
005 - FECHA Y HORA DE LA ÚLTIMA TRANSACCIÓN
campo de control 20210914190451.0
008 - DATOS DE LONGITUD FIJA--INFORMACIÓN GENERAL
campo de control de longitud fija 130821s2012 ck gr spa
020 ## - NÚMERO INTERNACIONAL ESTÁNDAR DEL LIBRO
Número Internacional Estándar del Libro 9789588757032
040 ## - FUENTE DE CATALOGACIÓN
Centro catalogador/agencia de origen Co-BoUCM
Lengua de catalogación spa
Centro/agencia transcriptor Co-UdeC
041 00 - CÓDIGO DE IDIOMA
Código de lengua del texto/banda sonora o título independiente spa
082 04 - NÚMERO DE LA CLASIFICACIÓN DECIMAL DEWEY
Número de clasificación 342.066
Número de ítem R616
100 1# - ENTRADA PRINCIPAL--NOMBRE DE PERSONA
Nombre de persona Rivadeneira Bermúdez, Rosember
245 10 - MENCIÓN DEL TÍTULO
Título Manual de procedimiento administrativo :
Resto del título según la ley 1437 de 2011 /
Mención de responsabilidad, etc. Rosember Rivadeneira Bermúdez.
260 ## - PUBLICACIÓN, DISTRIBUCIÓN, ETC.
Lugar de publicación, distribución, etc. Medellín :
Nombre del editor, distribuidor, etc. Librería Jurídica Sanchez R.,
Fecha de publicación, distribución, etc. 2012.
300 ## - DESCRIPCIÓN FÍSICA
Extensión 313 p. :
Otras características físicas bl. y n.,
Dimensiones 23 cm.
505 ## - NOTA DE CONTENIDO CON FORMATO
Nota de contenido con formato Introducción -- Procedimiento administrativo -- Principios que rigen las actuaciones y procedimientos administrativos. Derechos, deberes y prohibiciones de quienes intervienen en los procedimientos administrativos -- Inicio de las actuaciones administrativas -- De las peticiones en interés general y particular -- Procedimiento administrativo común y principal -- Modalidades de petición -- Petición de extensión jurisprudencial a favor de terceros -- Actuación administrativa de oficio -- Decisión administrativa -- Diferencias entre el silencio negativo y el positivo. Publicidad de la decisión administrativa -- Agotamiento de la vía gubernativa -- Conclusión del procedimiento administrativo.
630 ## - PUNTO DE ACCESO ADICIONAL DE MATERIA--TÍTULO UNIFORME
Título uniforme Ley 1437 de 2011
9 (RLIN) 6541
650 04 - PUNTO DE ACCESO ADICIONAL DE MATERIA--TÉRMINO DE MATERIA
Término de materia o nombre geográfico como elemento de entrada Derecho administrativo
9 (RLIN) 12695
650 00 - PUNTO DE ACCESO ADICIONAL DE MATERIA--TÉRMINO DE MATERIA
Término de materia o nombre geográfico como elemento de entrada Acto administrativo
9 (RLIN) 1831
650 04 - PUNTO DE ACCESO ADICIONAL DE MATERIA--TÉRMINO DE MATERIA
Término de materia o nombre geográfico como elemento de entrada Procedimiento administrativo
9 (RLIN) 22330
942 ## - ELEMENTOS DE ENTRADA SECUNDARIOS (KOHA)
Tipo de ítem Koha Libros
Fuente del sistema de clasificación o colocación Clasificación Decimal Dewey
Holdings
Estatus retirado Estado de pérdida Fuente del sistema de clasificación o colocación Estado de daño No para préstamo Colección Biblioteca de origen Biblioteca actual Fecha de adquisición Fuente de adquisición Coste, precio normal de compra Signatura topográfica completa Código de barras Visto por última vez Copia número Precio de reemplazo Tipo de ítem Koha
    Clasificación Decimal Dewey     Colección general U DE COLOMBIA - Biblioteca U DE COLOMBIA - Biblioteca 14/09/2021 Donación 30000.00 342.066 R616 100280 14/09/2021 1 14/09/2021 Libros
    Clasificación Decimal Dewey     Colección general U DE COLOMBIA - Biblioteca U DE COLOMBIA - Biblioteca 14/09/2021 Donación 30000.00 342.066 R616 Ej. 2 100278 09/11/2021 2 14/09/2021 Libros
    Clasificación Decimal Dewey     Colección general U DE COLOMBIA - Biblioteca U DE COLOMBIA - Biblioteca 09/11/2021 Donación   342.066 R616 Ej. 3 100279 09/11/2021 3 09/11/2021 Libros


Biblioteca Académica Corporación Universitaria U DE COLOMBIA | Teléfono: +(57) (4) 2398080 ext. 1112 | E-mail: biblioteca@udecolombia.edu.co | Dirección: Calle 56 Nº 41 – 147 (Bolivia con Girardot)
Horario de atención: lunes a viernes 8:00 a.m. a 8:00 p.m. - sábados 8:00 a.m. a 4:00 p.m.
Implementado por Grupo EGS.

Powered by Koha